| 000 | 00329nam a22001337a 4500 | ||
|---|---|---|---|
| 020 | _qHB. | ||
| 040 | _cFIZZA ISHAQ | ||
| 082 |
_a660.280 _bLUI |
||
| 100 |
_aMARIA,JESE LUIS. _990793 |
||
| 245 |
_aOPTIMIZATION OF PROCESS FLOW SHEETS / _cLUIS JESE MARIA. |
||
| 260 |
_aNEW YORK ; _c2019. |
||
| 300 | _a110 P. ; | ||
| 942 |
_2ddc _cBK |
||
| 999 |
_c589022 _d589022 |
||